000 00301nam a22001337a 4500
008 170412b xxu||||| |||| 00| 0 eng d
020 _a9781564581822
041 _aeng
080 _a618
100 _a10
101 _aSHM
245 _aCONCEPTION PREGNANCY AND BIRTH
_cSTOPPARD.M
942 _2udc
_cBK
999 _c10481
_d10481